000 00560nam a22002177a 4500
003 UA-OsUOA
001 83666
007 ta
008 20120424b un ||||| |||| 00| 0 ukr d
100 _aВасильєв О.
090 _a330(477)
_bВ19
942 _cSA
040 _aUA-OsUOA
_bukr
_cUA-OsUOA
_dUA-OsUOA
245 _aПрогнозування рівня безробіття в Україні
300 _aС.41-47
955 _a0
041 _aukr
080 _a330(477)
773 0 _w83661
650 7 _a330 Економіка взагалі
_2UDC
999 _c369978
_d369978